[Event "Tata Steel-A 74th"]
[Site "Wijk aan Zee"]
[Date "2012.01.19"]
[Round "5"]
[White "Nakamura, Hikaru"]
[Black "Navara, David"]
[Result "1-0"]
[WhiteElo "2759"]
[BlackElo "2712"]
[Annotator "Marin,M"]
[PlyCount "67"]
[EventDate "2012.01.14"]
[EventType "tourn"]
[EventRounds "13"]
[EventCountry "NED"]
[EventCategory "21"]
[SourceTitle "CBM 147"]
[Source "ChessBase"]
[SourceDate "2012.03.16"]
[SourceVersion "1"]
[SourceVersionDate "2012.03.16"]
[SourceQuality "1"]

1. c4 e5 2. Nc3 Nf6 3. g3 d5 4. cxd5 Nxd5 5. Bg2 Nb6 6. e3 $5 ({An interesting
way to deviate from the well known paths, continuing with} 6. Nf3 Nc6 7. O-O {
The game move prepares Nge2, when White retains the possibility of breaking
the centre with either f2-f4 or d2-d4.}) 6... c5 {Since White has not attacked
e5 in time, this is a logical reaction, gaining space in the centre and taking
measures against a possible d2-d4. This move has two main drawbacks: it
weakens d5 and it spends valuable time in the opening.} (6... Nc6 7. Nge2 {
Zvjaginsev,V (2663)-Mikhalevski,V (2584)/Aix-les-Bains 2011/CBM 142/
[Mikhalevski,V] (1-0, 39)}) 7. Nge2 Nc6 8. O-O Be7 {The most flexible
continuation.} ({The seemingly active} 8... Bd6 {, aimed to prepare against
f2-f4, allows the break from the other side:} 9. d4 cxd4 (9... O-O 10. d5 $14)
(9... exd4 10. exd4 O-O 11. Ne4 cxd4 12. Nxd4 Nxd4 13. Qxd4 Be7 14. Qe5 $14)
10. exd4 O-O (10... exd4 11. Nxd4 Nxd4 12. Qxd4 O-O 13. Rd1 $16) 11. dxe5 (11.
d5 $5 Ne7 12. a4 $14) 11... Nxe5 $6 (11... Bxe5 $5) 12. Bf4 $14 {Scheidegger,
U-Habibi,A (2255)/Bad Ragaz 1990/EXT 97 (1/2, 46)}) 9. f4 ({Here, too} 9. d4 {
is possible, but it offers less chances for an advantage than after 8...Bd6.}
cxd4 10. exd4 exd4 (10... Nxd4 11. Nxd4 exd4 12. Nb5 d3 13. Bf4 O-O 14. Rc1 $44
) 11. Nb5 (11. Bxc6+ bxc6 12. Nxd4 Qd7) 11... d3 12. Nf4 Bf5 $13) 9... exf4
$146 {This allows the activation of the e2-knight, which will create dangerous
threats soon.} ({However, maintaining the tension is not an entirely adequate
solution, either, since it allows White to advance his d-pawn with gain of
time and space.} 9... O-O 10. fxe5 Nxe5 11. d4 Ng4 12. h3 Nf6 13. d5 Nc4 14. b3
Ne5 15. Bb2 Bd6 16. Nb5 Re8 17. Rc1 b6 18. Nec3 a6 19. Nxd6 Qxd6 20. Rc2 $14 {
Soffer,R (2472)-Greenfeld,A (2585) Tel Aviv 2011 (1-0, 29)}) 10. Nxf4 O-O 11.
b3 $1 {This move is quite natural, of course, but the exclamation mark refers
to White's whole strategy in the following phase of the game. White's position
does not look too threatening, but it offers possibilities for systematic
development and activating. Black has some problems doing the same, since his
b6-knight is passive and he has no safe way to develop his c8-bishop.} Bf5 12.
Bb2 Qd7 13. Ne4 Rad8 14. Rf2 {Not only defending the second rank, but also
preparing a mysterious queen manoeuvre.} Nb4 15. Qf1 $1 $36 {It is interesting
to follow the queen manoeuvres from this moment until the end. The f1-square
will act as an excellent operational base, allowing to create threats along
the f-file or the f1-h3 and f1-a6 diagonals. For the moment, the pressure
along the f-file prevents Black from playing ...Nd5 or ...Nd3, while creating
such threats as Nh5 or, in some cases, even Bxg7.} Bxe4 ({A few weeks later,} 
15... Bg6 $146 {was played. I do not think that it solves all Black's problems,
though.} 16. Nxg6 hxg6 17. d4 cxd4 18. exd4 N6d5 19. Nc5 (19. Re1 $5 Nxa2 $140
20. Nc5 Bxc5 21. dxc5 Ndb4 22. Qc4 $36) 19... Qc7 (19... Bxc5 20. dxc5 Ne3 21.
Qe1 Nbd5 $11) 20. a3 (20. Rc1 $5 $36) 20... Ne3 21. Qb5 Bxc5 22. Rc1 Qd7 23.
Rxc5 Nxg2 24. Qxb4 Ne3 $132 {Griffiths,R (2310)-Howell,D (2633)/Sunningdale
2012 (0-1, 58)}) 16. Bxe4 N6d5 {This fails to neutralise White's initiative,
but so do other moves, too.} (16... f5 17. Bg2 Bf6 {(+/= Golubev, Chess Today)}
18. Bxf6 Rxf6 19. a3 Nd3 (19... N4d5 20. Nxd5 Nxd5 21. Qc4 b6 22. b4 $16) 20.
Nxd3 Qxd3 21. Qxd3 Rxd3 22. b4 c4 23. Bxb7 $14) (16... N4d5 {avoids the
stability problems from the game, but releases the pressure against White's
queenside, allowing the simple} 17. Rc1 $5 $14 {[%csl Gc5][%cal Gf4d3]}) ({
Maybe a prophylactic non-committal move like} 16... g6 $5 {would have been
best.}) 17. Nh5 g6 18. a3 {This causes Black to lose stability in the centre.}
Na6 $6 {Black probably wanted to consolidate his central knight with ...Nac7,
but he will not be given the time for it.} (18... Nc6 {is relatively better.
He might have been afraid of} 19. Rf5 $5 ({In fact, the simple} 19. Qd3 $1 $14
{/\Raf1 is better, leading to a pleasant ending after} f5 20. Bxd5+ Qxd5 21.
Qc3 Qe5 22. Qxe5 Nxe5 23. Bxe5 gxh5 24. Raf1 Rd5 25. Bc3 $14) {Since there is
no adequate way to defend the d5-knight, Black has to accept the sacrifice,
but this is apparently possible:} 19... gxf5 20. Bxf5 Qd6 21. Qh3 h6 (21... Ne5
22. Bxh7+ Kh8 23. Be4 $40) 22. Nf6+ $1 (22. Qg4+ Bg5 23. h4 Ne5 $1) 22... Nxf6
23. Qxh6 Ne5 24. Rf1 Rfe8 $1 ({The position is so sharp that losing a tempo
can be fatal:} 24... Qd5 $2 25. Rf4 Rfe8 26. d3 $3 {removing the pawn from the
vulnerable d2-square in order to prepare Bxe5 without fearing ...Rxd2.} b5 {
Or anything else.} 27. Bxe5 Qxe5 28. Rh4 Qa1+ 29. Kg2 {Sadly, there is no ...
Rxd2+ available.} Qb2+ 30. Kh3 $18) 25. Qg5+ Kf8 $8 26. Bxe5 Qxe5 27. Qh6+ Kg8
$11 {White has nothing better than a perpetual.}) (18... f5 19. Bxf5 $5 Rxf5
20. Rxf5 Qxf5 21. Qxf5 gxf5 22. axb4 Nxb4 23. Rxa7 Rxd2 24. Rxb7 $14 {Golubev 
(Chess Today)}) 19. Bxd5 $1 {The simplest way to start a devastating attack.} (
19. Rf5 $5 {can be met with} Nac7 $1 ({With the a6-knight far from the
kingside,} 19... gxf5 $2 {loses:} 20. Bxf5 Qc6 21. Qh3 h6 22. Qg4+ Bg5 23. h4
$18 {since there is no ...Ne5 available.}) 20. Rxd5 (20. Bxd5 Qxf5 $1) 20...
Nxd5 21. Bxd5 gxh5 $1 22. e4 $44 {White has obvious compensation for the
exchange, but Black is in the game.}) 19... Qxd5 20. Bf6 $40 Qd6 21. Bxe7 Qxe7
22. Nf6+ Kg7 23. Qc4 $1 {/\24.Qc3, /\24.Qh4 h5 25.Nxh5!+} Qe5 (23... Qe6 24.
Qc3 $18) 24. Raf1 h5 (24... Rd6 25. Nxh7 Kxh7 26. Rxf7+ Rxf7 27. Rxf7+ Kh6 28.
Qh4+ Qh5 29. Qf4+ g5 30. Qxd6+ $18) 25. Nxh5+ $1 (25. Qh4 $18) 25... Qxh5 (
25... gxh5 26. Rxf7+ Rxf7 27. Qxf7+ Kh8 28. Rf6 $18) 26. Rxf7+ Rxf7 27. Rxf7+
Kh6 (27... Kh8 28. Qc3+ $1 $18) 28. Qf4+ g5 (28... Qg5 29. Rh7+ $1 $18) 29.
Qf6+ Qg6 30. Qf1 $1 {The queen returns to base, threatening Rf6 or Qh3+. It
also keeps an eye on the enemy knight.} Qh5 31. Rxb7 (31. h4 $5 $18 {Golubev 
(Chess Today)}) 31... c4 32. Qf6+ Qg6 33. Qxd8 Qb1+ 34. Kf2 1-0

[Event "Reggio Emilia 54th"]
[Site "Reggio Emilia"]
[Date "2011.12.28"]
[Round "2"]
[White "Nakamura, Hikaru"]
[Black "Caruana, Fabiano"]
[Result "1/2-1/2"]
[WhiteElo "2758"]
[BlackElo "2727"]
[Annotator "Marin,M"]
[PlyCount "85"]
[EventDate "2011.12.27"]
[EventType "tourn"]
[EventRounds "10"]
[EventCountry "ITA"]
[EventCategory "20"]
[SourceTitle "CBM 146"]
[Source "ChessBase"]
[SourceDate "2012.01.18"]
[SourceVersion "1"]
[SourceVersionDate "2012.01.18"]
[SourceQuality "1"]

1. c4 Nf6 2. Nc3 e5 3. g3 {A tricky move order. White retains the possibility
of offering a transposition to the Four Knights variation, but only after
Black chooses his setup.} ({After} 3. Nf3 Nc6 4. g3 {, the simplifying} Nd4 {
may be kind of boring.}) 3... Bb4 ({White could delay Ng1-f3 or even switch to
some other way of developing the knight after} 3... Bc5) ({or} 3... d5 4. cxd5
Nxd5 {, too.}) ({He has to be ready for the old Keres line:} 3... c6) 4. Nf3 {
This is the best moment to develop this knight.} ({After} 4. Bg2 O-O 5. Nf3 {
Black could maintain his absolute flexibility with} Re8 $1) 4... Qe7 {This is
more committal than ...Re8, of course.} (4... e4 {is likely to lead to a Four
Knights tabyia after a long transposition:} 5. Nd4 Nc6 6. Nc2 Bxc3 7. dxc3 h6
8. Bg2 d6 9. Ne3 O-O 10. O-O) (4... Nc6 {is an immediate transposition, of
course.}) 5. Bg2 O-O 6. O-O c6 7. e4 $5 $146 {Tactically, this is obviously
correct, but the only open question which remains is whether defining the
central structure so soon really favours White.} (7. Qb3 Na6 8. d3 (8. d4 $5)
8... h6 {After ...Qe7, the threat of Bg5 has to be taken seriously. There is
no ...Be7 available, and an exchange on f6 would lead to considerable loss of
time for Black, who would have to move with the queen for the second time
before completing his development.} 9. Bd2 Rd8 10. e4 Bxc3 $6 {An unnecessary
concession.} 11. Bxc3 d6 12. Rfe1 Bg4 13. Nh4 Nc5 14. Qc2 g6 15. d4 Ncd7 16. h3
exd4 17. Bxd4 Be6 18. f4 (18. Nf5 Qf8 19. Be3 $16) 18... Nb6 19. b3 $16 {
Psakhis,L (2605)-Myrvold,T (2310)/Gausdal 1994/EXT 97 (1-0, 39)}) (7. d3 Rd8 ({
The following game is a classical example of playing with a massive centre and
the bishop pair:} 7... Bxc3 8. bxc3 h6 9. e4 d6 10. Nh4 Na6 11. f4 exf4 12.
Rxf4 Nc5 13. Be3 Nh7 14. Qd2 Ng5 15. Kh1 Bd7 16. Raf1 Rae8 17. g4 Qd8 18. Nf5
Bxf5 19. gxf5 $16 {Portisch,L (2650)-Kavalek,L (2550)/Amsterdam 1981/MCL (1-0,
28)}) 8. Qb3 $1 {[%csl Gb4][%cal Gf3e5]} (8. Qc2 {exerts less pressure.} d5 9.
Bg5 dxc4 10. dxc4 Nbd7 11. a3 Bxc3 12. Qxc3 Re8 13. Nd2 h6 14. Be3 Ng4 $11 {
Markowski,T (2558)-Campora,D (2547)/Ciudad Real 2004/CBM 102 ext (1/2, 38)})
8... Ba5 (8... d5 $2 9. cxd5 cxd5 10. Nxe5 $1 $16 {Black cannot take advantage
of the apparently hanging position of the e5-knight:} Bxc3 11. Qxc3 d4 12. Qa5
b6 $2 13. Qa3 $18 {[%cal Gg2a8]}) 9. Bd2 Bc7 (9... d5 $2 10. Nxd5 $1 $16) 10.
e4 Na6 11. d4 d6 12. Qa3 Qe8 $6 {Too passive.} (12... exd4 13. Nxd4 Bb6 {
offers better possibilities for counterplay.}) 13. Bg5 Qe6 14. d5 Qe7 15. b4 c5
16. b5 Nb8 17. Nh4 $16 {Psakhis,L (2555)-Lev,R (2420)/Tel Aviv 1991/CBM 027
ext (1-0, 40)}) 7... d6 (7... Bxc3 8. bxc3 Nxe4 $6 {is obviously premature,
and the punishment is elegant:} (8... d6 9. Nh4 $14) 9. Re1 d5 10. d3 Nxc3 11.
Qb3 d4 12. Ba3 c5 13. Nxd4 $5 $16 {A nice way of taking advantage of the
double pin.}) 8. d3 a6 {[%cal Gb7b5]} 9. Qb3 {White obstinately goes for the
bishop pair, thus losing a lot of time.} (9. Nh4 $5 Bc5 (9... b5 10. Nf5 Bxf5
11. exf5 $36) 10. Kh1 {[%cal Gd1e1,Gf2f4,Gh4f5]}) 9... Bc5 10. Na4 Ba7 11. Nb6
Bxb6 12. Qxb6 c5 $5 {[%cal Gb8c6,Gc6d4]} 13. Ne1 {[%cal Gf2f4,Ge1c2,Gc2e3]} Bg4
$5 (13... Nc6 14. Nc2 h6 15. f4 (15. b4 {is premature:} Nd7 16. Qc7 cxb4 17.
Rb1 a5 18. a3 Nc5 19. Qxe7 Nxe7 20. axb4 Nxd3) (15. Bd2 {, preparing b4,
leaves the queen in some danger after} a5 {/\...a4, ףb6}) 15... a5 16. Qb3 a4
17. Qc3 $36) 14. f3 Be6 15. Bg5 {[%csl Gb7][%cal Gg5f6,Gg7f6] This will prove
ineffective after Black's careful defence.} (15. f4 $5 {is an important
alternative.}) 15... Nbd7 (15... Nc6 16. Nc2 Rab8 {[%csl Gb7]} 17. f4 h6 18.
fxe5 hxg5 19. exf6 gxf6 20. Rad1 $14 {[%cal Gd3d4]}) 16. Qa5 (16. Qxb7 Rfb8 17.
Qc7 (17. Qc6 $2 Nb6 $1 $17 {[%csl Gc6][%cal Gb8b7,Ga8c8] /\...Rb7, ...Rc8})
17... Rb6 $1 18. f4 Qf8 19. Bxf6 gxf6 20. f5 Rc8 $11 {with perpetual pursuit
of the queen.}) (16. Qb3 b5 $132) 16... h6 17. Bd2 Nb8 $1 {Returning to the
initial plan. The exposed position of the white queen helps Black in getting
back some of the time lost on the going back and forth with his knight.} 18.
Nc2 Nc6 19. Qc3 (19. Qb6 a5 $5 20. Qb3 a4 21. Qc3 Rfb8 {[%cal Gb7b5]}) 19... b5
20. Ne3 (20. b3 $5 {would avoid the weakening of the e4-pawn, thus making the
plan based on f3-f4 more realistic than in the game.}) 20... Nd4 21. Rae1 Rab8
22. Qc1 ({This was the last moment at which} 22. b3 $5 {could have changed the
course of the game.}) 22... bxc4 23. dxc4 Qd7 24. Rf2 Rfe8 25. Bc3 a5 26. Qd1
a4 27. Bf1 Ra8 28. Bd3 Kh8 {White has regrouped harmoniously, but cannot make
progress easily. The only constructive plan is f3-f4, but this would weaken
the e4-pawn. The game will end in a draw without any special adventures.} 29.
Kh1 Qb7 30. h4 Rf8 31. Kh2 Qd7 32. Ref1 (32. f4 Bg4 33. Qc1 Nf3+ $17) 32...
Rae8 33. a3 (33. f4 Ng4+ 34. Nxg4 Bxg4 35. Qd2 f6 36. f5 Qf7 {White will not
be able to unblock the kingside structure.}) 33... Ra8 34. Qd2 Nb3 35. Qd1 Nd4
36. Rg1 Rae8 37. Qf1 Qd8 38. Qd1 Qd7 39. Nd5 Bxd5 40. cxd5 Rc8 41. Re1 Ra8 42.
Bf1 Qe7 43. Bd3 1/2-1/2

[Event "Candidates Tournament"]
[Site "Moscow"]
[Date "2016.03.15"]
[Round "4"]
[White "Svidler, Peter"]
[Black "Aronian, Levon"]
[Result "1/2-1/2"]
[WhiteElo "2757"]
[BlackElo "2786"]
[Annotator "Marin,M"]
[PlyCount "81"]
[EventDate "2016.03.11"]
[EventType "tourn"]
[EventRounds "14"]
[EventCountry "RUS"]
[EventCategory "22"]
[SourceTitle "CBM 172"]
[Source "ChessBase"]
[SourceDate "2016.05.12"]
[SourceVersion "1"]
[SourceVersionDate "2016.05.12"]
[SourceQuality "1"]

1. c4 Nf6 2. Nc3 e5 3. g3 Bb4 4. Bg2 O-O 5. e4 Bxc3 6. bxc3 c6 7. Nf3 $5 {
Giri,A (2798)-Anand,V (2803) Grand Slam Final 8th 2015 (4) 1-0 The new trend
in an old line, launched by the game} Nxe4 ({The hyper-ambitious} 7... d5 {
seems to play into White's hands:} 8. exd5 $1 $146 (8. cxd5 {Deac,B (2486)
-Tarlev,K (2580) Alba Iulia 2016 (0-1, 39)} Nxe4 9. dxc6 Nxc6 $13) 8... Re8 (
8... e4 9. Nd4 cxd5 10. cxd5 Qxd5 11. O-O Nc6 12. d3 Re8 13. Be3) (8... cxd5 9.
Nxe5) 9. O-O (9. dxc6 Nxc6 10. O-O e4 $44 {[%csl Gc4,Gd3]}) 9... cxd5 10. cxd5
Qxd5 (10... Nxd5 11. c4 Nb6 12. d3 $36) 11. Ng5 Qa5 (11... Qd3 12. Re1 Nc6 13.
Qb3 Qg6 14. d4 $16) 12. Qb3 Qc7 13. Re1 $14) 8. O-O {"The threat is stronger
than its execution."} ({The premature} 8. Nxe5 {offers Black enough
counterplay:} Re8 9. d4 d6 10. Bxe4 dxe5 11. O-O Nd7 $6 {But this is too
passive.} (11... exd4 {is more challenging.} 12. Qc2 f5 13. Bxf5 Bxf5 14. Qxf5
dxc3 $13) 12. Bg2 (12. d5 $5 $14) 12... exd4 {Jones,G (2645)-Gupta,A (2634)
Reykjavik 2016 (1/2-1/2, 47)} 13. cxd4 $14 {[%csl Gc1,Gg2]}) 8... d6 9. Nxe5
Nc5 $146 ({Deviating from the aforementioned game which went} 9... dxe5 {
Giri,A (2798)-Anand,V (2803) Bilbao 2015 CBM 169 [Roiz,M] (1-0, 37)}) (9... Ng5
{exposes the knight whereas any targetting of h3 is illusory:} 10. Ng4 f5 11.
f4 Ne4 12. Ne3 Nf6 13. Qc2 g6 14. Ba3 Na6 15. d4 Rb8 16. Rfe1 Re8 17. Re2 Be6
18. Rae1 Bf7 19. Qd3 $14 {Wang,H (2707)-Mchedlishvili,M (2635) Al Ain 2015 
(1-0, 44). As we see, there are already a bunch of games since Giri-Anand.})
10. Ng4 {The knight is heading for e3, a good square if White finds remedies
against ...f5-f4.} (10. Nf3 {looks a bit like a loss of time, since the knight
has already been on this square. White keeps some pressure but Black should
hold his own with simple moves.} Nd3 11. Qc2 (11. Ba3 Na6 12. Qc2 Nac5) 11...
Nxc1 (11... Bf5 $6 12. Nh4 Qf6 13. Ba3 Re8 14. f4 {[%cal Gf1f3]} Re2 15. Rf3
Ne1 16. Qxf5 Rxg2+ 17. Kf1 Rg1+ 18. Kxg1 Nxf3+ 19. Kf2 Qxf5 20. Nxf5 Nxh2 21.
Re1 $16) 12. Raxc1 Nd7 13. Rfe1 Nf6 14. Rb1 Qc7 15. Nd4 Bd7 16. Qb3 Rab8 {
and it is hard to see how to make progress with White.}) 10... f5 {A very
provocative move, weakening the dark squares.} (10... Nd3 {[%csl Gg4] looks
safer but once again White's position remains more active:} 11. Ba3 (11. Qf3
Nxc1 12. Raxc1 f5 13. Ne3 Qf6 14. d4 Nd7 $132 {[%cal Gf5f4]}) 11... Na6 12. Ne3
Nac5 13. Qc2 Re8 (13... f5 14. f4 $1) 14. Rab1 {[%cal Gf2f4,Gf4f5]} h5 15. f4
h4 16. Bxc5 Nxc5 17. Rfe1 $14 {Due to White's pressure along the b-file and
the long diagonal Black faces problems completing his queenside development.})
11. Ne3 f4 {Apparently promising but White has a strong reply.} (11... Nd3 12.
f4 Na6 13. Ba3 Nac5 14. Qc2 Qa5 15. Bxc5 Nxc5 16. a4 $5 $14 {[%csl Gf5]}) 12.
d4 $1 (12. gxf4 Nd3 $15 {[%csl Gf4]}) 12... fxe3 ({There is no way back:} 12...
Ne6 13. Nc2 Qf6 14. Re1 {White has more space and the bishop pair while
Black's attack is not really dangerous. In fact, the advance of the f-pawn has
brought him only weaknesses.} f3 (14... fxg3 15. fxg3 {[%cal Ge1f1]}) (14...
Na6 15. d5 $36) 15. Bf1 Nd7 16. a4 $16) 13. dxc5 exf2+ 14. Rxf2 Rxf2 15. Kxf2
Qf8+ 16. Qf3 Qxf3+ {This looks like a micro-inaccuracy, allowing White to
activate his position slightly.} ({It is true that after} 16... dxc5 17. Qxf8+
Kxf8 18. Be3 Nd7 19. Rb1 $44 {it remains hard to suggest a way of completing
the development, while the extra pawn does not count yet.}) 17. Bxf3 dxc5 18.
Bf4 Nd7 19. Bd6 $6 {This does not really prevent ...Nb6 and actually loses an
important tempo, allowing Black to get out of the opening satisfactorily.} (19.
Re1 $5 Nb6 20. Re7 {[%cal Gf4e5]} Nxc4 21. Bh5 {[%csl Rc4,Rg8][%cal Ge7e8,
Yh5f7]} g6 22. Bf3 Nb6 {[%cal Gc8d7]} 23. Be5 $36 {Despite his extra pawns
Black's position looks very dangerous.}) (19. a4 $5 a5 (19... Nb6 20. a5 Nxc4
21. a6 $16 {leaves Black's queenside completely paralysed.}) 20. Rb1 $32) 19...
Nb6 $1 20. Re1 Bd7 21. Bxc5 Re8 $6 {This allows White to retain at least a
symbolic advantage.} ({Black could play} 21... Nxc4 $1 {for if against} 22. Re7
{he has the fantastic resource} Rf8 $3 {[%cal Gf8f7]} 23. Rxd7 Rxf3+ 24. Ke2 (
24. Kxf3 Ne5+ 25. Ke4 Nxd7 26. Bxa7 b6 {[%csl Ga5,Gb5,Gc5,Gd5,Ge5,Ge6,Gf6] The
bishop is caged and the white king cannot cross the barrier:} 27. Kf5 Kf7 28.
c4 h6 29. c5 g6+ 30. Ke4 b5) 24... Rf5 25. Bxa7 b5 $11) 22. Rb1 Be6 23. Bxb6
axb6 24. Rxb6 Bc8 25. Rb4 $14 {The extra pawn is anything but simple to
convert, but Black has to permanently watch out for the possibility of
a2-a4-a5-a6.} Re5 26. Ra4 Kf7 27. Ra8 Bf5 28. Be2 Re7 29. c5 (29. a4 Ke6 30.
Rd8 Rd7 {[%cal Ge6d6,Gd6c5]} 31. Rxd7 Kxd7 32. c5 Ke6 33. Bc4+ Ke5 34. Ke3 h6
$5) 29... Kf6 30. a4 Re5 31. Rf8+ Kg6 32. Rb8 Rxc5 (32... Re7 33. Bf3 {[%cal
Ga4a5]}) 33. Rxb7 Rxc3 34. a5 {Optically it looks as if White had made a lot
of progress, but the next accurate move reminds us that "all rook endings are
drawn".} Bd3 $1 35. Bxd3+ Rxd3 36. a6 c5 $1 {The pawn rushes to help the rook
in creating a barrier in front of the white king.} 37. a7 Ra3 38. Ke2 c4 39.
Kd2 h5 40. Kc2 c3 41. h4 1/2-1/2